01059nam a2200253 a 450000100060000000300090000600800410001502000150005604000280007108200170009911000580011624500300017426000560020430000220026050502560028265000450053865000350058365000320061865000320065065000420068265000200072465000260074465000350077010820CO-ViMGA141112s2004 ck r 000 u spa d a9586440567 aCO-ViMGAbspacCO-ViMGA04a918.861 C257 aCentro de Investigación y educación popular Cinep10aColombia pais de regiones aSantafé de Bogotá : bCinep Colciencias, c1998 a312p. : il. color aVol (1) : Región Noroccidental - Región Caribe Vol (2) : Región Santandereana - Región Cundiboyacense Vol (3) : Región alto Magdalena - Región Suroccidental Vol (4) : Región del Pacífico - Región Orinoquia - Región de la Amazonía14aCOLOMBIA - DESARROLLO ECONOMICO Y SOCIAL14aCOLOMBIA - GEOGRAFIA ECONOMICA14aCOLOMBIA - GEOGRAFIA FISICA14aCOLOMBIA - GEOGRAFIA FISICA14aCOLOMBIA - HISTORIA SIGLO XVIII - XIX14aCOLOMBIA HUMANA14aGEOGRAFIA DE COLOMBIA14aREGIONES NATURALES DE COLOMBIA